| 000 | 00732nam a2200229 i 4500 | ||
|---|---|---|---|
| 001 | bg | ||
| 100 | 1 | _aCICHOŃ, Czesław. | |
| 245 | 0 | 0 |
_aWybrane zagadnienia programowania liniowego / _cCzesław Cichoń, Marcin Detka. |
| 260 |
_aKielce : _bWydaw. PŚ, _c2004. |
||
| 300 |
_a78, [1] s. : _bwykr. ; _c24 cm. |
||
| 490 | 1 |
_aSkrypty / Politechnika Świętokrzyska w Kielcach, _x0239-6386 ; _vnr 400 |
|
| 504 | _aBibliogr. | ||
| 650 | 9 | _aProgramowanie liniowe | |
| 655 | _aPodręczniki akademickie | ||
| 700 | 1 | _aDETKA, Marcin | |
| 830 | 0 |
_aSkrypty (Politechnika Świętokrzyska w Kielcach) ; _vnr 400 |
|
| 040 | _cBPK | ||
| 041 | 0 | _apol | |
| 080 | _a519.85(075.8) | ||
| 942 | _cKS | ||
| 008 | s pl f |000 0 pol | ||
| 999 |
_c44978 _d44978 |
||
| 856 |
_uhttp://koha.tu.koszalin.pl/cgi-bin/koha/opac-detail.pl?biblionumber=44978 _yKatalog online BPK |
||